书目信息 |
| 题名: |
混凝土结构及砌体结构(下册)
|
|
| 作者: | 黄双华 , 宋健夏 主编 | |
| 分册: | ||
| 出版信息: | 重庆 重庆大学出版社 1998.04 |
|
| 页数: | 344页 | |
| 开本: | 16开 | |
| 丛书名: | ||
| 单 册: | ||
| 中图分类: | TU37 | |
| 科图分类: | ||
| 主题词: | 混凝土结构 , 钢筋混凝土结构 | |
| 电子资源: | ||
| ISBN: | 7-5624-1679-6 | |
| 000 | 00666nam0 2200217 45 | |
| 001 | 0008111575 | |
| 005 | 20000811160122.9 | |
| 010 | @a7-5624-1679-6@d22.00元 | |
| 100 | @a20000811d1998 km y0chiy0120 ea | |
| 101 | 0 | @achi |
| 105 | @a z 000yy | |
| 200 | 1 | @a混凝土结构及砌体结构(下册)@AHun Ning Tu Jie Gou Ji Qi Ti Jie Gou(Xia Ce)@f黄双华,宋健夏主编@FHuang Shuang Hua,Song Jian Xia Zhu Bian |
| 210 | @a重庆@c重庆大学出版社@d1998.04 | |
| 215 | @a344页@d16开 | |
| 606 | 0 | @a混凝土结构 |
| 606 | 0 | @a钢筋混凝土结构 |
| 690 | @aTU37@v3 | |
| 701 | 0 | @a黄双华@4主编 |
| 701 | 0 | @a宋健夏@4主编 |
| 801 | @aCN@bPftUser@c20000811 | |
| 905 | @b104259-268@dTU37@eH311:2@f10 | |
| 混凝土结构及砌体结构(下册)/黄双华,宋健夏主编.-重庆:重庆大学出版社,1998.04 |
| 344页;16开 |
| ISBN 7-5624-1679-6:22.00元 |
| ● |
| 相关链接 |
|
|
|
正题名:混凝土结构及砌体结构(下册)
索取号:TU37/H311:2
 
预约/预借
| 序号 | 登录号 | 条形码 | 馆藏地/架位号 | 状态 | 备注 |
| 1 | 104259 | 201042594 | 土木与交通工程学院资料室/土木与交通学院资料室 1排1列1层/ [索取号:TU37/H311:2] | 在馆 | |
| 2 | 104260 | 201042601 | 建筑库101/101建筑库 85排2列2层/ [索取号:TU37/H311:2] | 在馆 | |
| 3 | 104261 | 201042610 | 建筑库101/ [索取号:TU37/H311:2] | 在馆 | |
| 4 | 104262 | 201042629 | 建筑库101/101建筑库 85排1列2层/ [索取号:TU37/H311:2] | 在馆 | |
| 5 | 104263 | 201042638 | 土木与交通工程学院资料室/土木与交通学院资料室 1排1列1层/ [索取号:TU37/H311:2] | 在馆 | |
| 6 | 104264 | 201042647 | 土木与交通工程学院资料室/土木与交通学院资料室 1排1列1层/ [索取号:TU37/H311:2] | 在馆 | |
| 7 | 104265 | 201042656 | 自科二线404/404自科库 26排3列4层/ [索取号:TU37/H311:2] | 在馆 | |
| 8 | 104266 | 201042665 | 建筑库101/101建筑库 85排2列2层/ [索取号:TU37/H311:2] | 在馆 | |
| 9 | 104267 | 201042674 | 土木与交通工程学院资料室/土木与交通学院资料室 1排1列1层/ [索取号:TU37/H311:2] | 在馆 | |
| 10 | 104268 | 201042683 | 自科二线404/404自科库 26排3列4层/ [索取号:TU37/H311:2] | 在馆 |